A Guide to Mexican Ceramics /

Guardado en:
Detalles Bibliográficos
Autor principal: Muller, Florencia (autor)
Otros autores: Hopkins, Barbara (autor) (autor)
Formato: Libro
Idioma:Inglés
Publicado: México : Minutiae Mexicana, 1974, c1974
Colección:(Minutiae Mexicana)
Temas:
Etiquetas: Agrega una etiqueta
Sin etiquetas, Sé el primero en etiquetar este registro!

MARC

LEADER 00000nam^a2200000^a^4500
001 000344078
005 20250521000000.0
008 080829 19741974
009 20260310114639.73
037 |a Acervo ITESO - Biblioteca 
041 |a ING 
082 |a 738. 0972  |b MUL 
100 |a Muller, Florencia  |e (autor) 
245 1 2 |a A Guide to Mexican Ceramics /  |c F. Muller, B. Hopkins. 
264 4 |a México :  |b Minutiae Mexicana,  |c 1974, c1974 
300 |a 128 p. 
336 |a texto  |b txt  |2 rdacontenido 
337 |a sin mediación  |b n  |2 rdamedio 
338 |a volumen  |b nc  |2 rdasoporte 
440 1 |a (Minutiae Mexicana) 
649 |a XX 
650 |a Indígenas de México -  |x Historia 
650 |a Cerámica Mexicana -  |x Tema Principal 
650 |a Cerámica Mexicana -  |x Historia y Crítica 
650 |a Arte Popular -  |z México -  |x Historia y Crítica 
650 |a Arte Mexicano -  |x Historia y Crítica 
650 |a México -  |x Historia 
650 |a México -  |x Condiciones Sociales y Culturales 
700 |a Hopkins, Barbara  |e (autor) 
910 |a Fondo General 
920 |a Impresos - Libros 
930 |a Colección General 
905 |a 101 
901 |a 0500234661  |b IT1  |c ACC  |i D55732  |u 20250521 
902 |a https://opac.biblio.iteso.mx/vufind/Record/000344078